| 000 | 00943nam a2200301Ia 4500 | ||
|---|---|---|---|
| 003 | OSt | ||
| 005 | 20220912145348.0 | ||
| 006 | a|||||r|||| 00| 0 | ||
| 007 | ta | ||
| 008 | 220909b |||||||| |||| 00| 0 eng d | ||
| 020 | _a9780262026192 (hbd) | ||
| 024 | _a81446 | ||
| 037 | _b55, 20/08/2008, Dhanraj Book House | ||
| 037 | _cTextbook | ||
| 040 |
_aCSL _beng _cCSL |
||
| 041 | _aeng | ||
| 082 | _aD65,8(B):(1), P7 TD | ||
| 100 | _aBorgman Christine L | ||
| 245 | 0 | _aScholarship in the digital age: information, infrastructure, and the internet | |
| 260 |
_aCambridge _bM I T Press _c2007 |
||
| 300 |
_axxiv, 336p. _ccm. |
||
| 500 | _aReferences 267-320p.; Index 321-336p. | ||
| 650 | _a Knowledge generation | ||
| 650 | _a Scholarship | ||
| 650 | _aComputer science | ||
| 942 |
_hD65,8(B):(1), P7 TD _cTB _2CC |
||
| 999 |
_c29950 _d29950 |
||